[Event "Pindamonhangaba op 7th"]
[Site "Pindamonhangaba"]
[Date "2023.03.26"]
[Round "4"]
[White "Bargo, Joao Pedro Galvao"]
[Black "Souza, Ramon Santana De"]
[Result "0-1"]
[WhiteElo "1800"]
[BlackElo "1982"]
[PlyCount "42"]
[EventDate "2023.03.24"]
[EventType "swiss"]
[EventRounds "5"]
[EventCountry "BRA"]
[SourceTitle "CBM 213 Extra"]
[Source "ChessBase"]
[SourceDate "2023.05.31"]
[SourceVersion "1"]
[SourceVersionDate "2023.05.31"]
[SourceQuality "1"]

1. e4 g6 2. d4 Bg7 3. c3 d6 4. Nf3 Nc6 5. Be3 Nf6 6. Nbd2 Bg4 7. Be2 0-0 8. 0-0 e5 9. d5 Ne7 10. h3 Bxf3 11. Bxf3 Nd7 12. Qb3 f5 13. Nc4 f4 14. Bd2 Nc5 15. Qc2 c6 16. b4 cxd5 17. exd5 Na6 18. Na3 Qd7 19. Be2 f3 20. Bb5 Qc8 21. g3 Qxh3 0-1

[Event "Pocos de Caldas op"]
[Site "Pocos de Caldas"]
[Date "2023.03.18"]
[Round "3"]
[White "Gomes, Luiz Alexandre"]
[Black "Souza, Ramon Santana De"]
[Result "0-1"]
[WhiteElo "2285"]
[BlackElo "1982"]
[PlyCount "82"]
[EventDate "2023.03.17"]
[EventType "swiss"]
[EventRounds "6"]
[EventCountry "BRA"]
[SourceTitle "EXT 2024"]
[Source "ChessBase"]
[SourceDate "2023.10.10"]
[SourceVersion "1"]
[SourceVersionDate "2023.10.10"]
[SourceQuality "1"]

1. c4 g6 2. Nc3 Bg7 3. d4 d6 4. e4 e5 5. Nf3 exd4 6. Nxd4 Ne7 7. Bg5 h6 8. Be3 Nbc6 9. Be2 0-0 10. Qd2 Kh7 11. Nxc6 bxc6 12. 0-0 c5 13. Rad1 Bb7 14. f4 Qe8 15. Bf3 Rd8 16. Nb5 Qc6 17. Nxa7 Qb6 18. Nb5 f5 19. Qc2 fxe4 20. Bxe4 d5 21. Bd3 d4 22. Bc1 Nf5 23. Rde1 Rd7 24. Kh1 Nh4 25. Rf2 Rdf7 26. Qe2 Bf6 27. Qc2 Qc6 28. Kg1 Re8 29. Ref1 Rfe7 30. Qd2 Re3 31. Na7 Qb6 32. Nb5 R8e7 33. Qd1 Qc6 34. Na7 Qe6 35. Bxe3 dxe3 36. Re2 Qg4 37. Qc2 Bd4 38. Nb5 Bxg2 39. Bxg6+ Kh8 40. Bh5 Qxh5 41. Nxd4 Bxf1 0-1

[Event "Pocos de Caldas op"]
[Site "Pocos de Caldas"]
[Date "2023.03.17"]
[Round "2"]
[White "Machado, Gilmar Dias"]
[Black "Souza, Ramon Santana De"]
[Result "1/2-1/2"]
[WhiteElo "1816"]
[BlackElo "1982"]
[PlyCount "86"]
[EventDate "2023.03.17"]
[EventType "swiss"]
[EventRounds "6"]
[EventCountry "BRA"]
[SourceTitle "EXT 2024"]
[Source "ChessBase"]
[SourceDate "2023.10.10"]
[SourceVersion "1"]
[SourceVersionDate "2023.10.10"]
[SourceQuality "1"]

1. e4 g6 2. d4 Bg7 3. f4 d6 4. c4 c5 5. d5 Nf6 6. Bd3 e6 7. Nc3 0-0 8. Nf3 exd5 9. exd5 Re8+ 10. Ne2 Bg4 11. 0-0 b5 12. h3 Bxf3 13. Rxf3 bxc4 14. Bxc4 Ne4 15. Bb5 Nd7 16. Rb1 Rb8 17. Bc6 Re7 18. Qc2 f5 19. b3 Qa5 20. Bxd7 Rxd7 21. g4 Re8 22. gxf5 gxf5 23. Kh2 Bf6 24. Ng3 Nxg3 25. Rxg3+ Rg7 26. Rxg7+ Bxg7 27. Bb2 Qa6 28. Kg3 Re2 29. Qxf5 Qb7 30. Bxg7 Qxg7+ 31. Kh4 Qe7+ 32. Kh5 Qf7+ 33. Qxf7+ Kxf7 34. b4 c4 35. Rg1 Re4 36. Kg4 Kf6 37. a4 Rd4 38. b5 h5+ 39. Kg3 Kf5 40. a5 Rxd5 41. b6 axb6 42. axb6 Rd3+ 43. Kh4 Rb3 1/2-1/2

[Event "Paulista-chTA"]
[Site "Sao Paulo"]
[Date "2023.03.03"]
[Round "1"]
[White "Quintiliano Pinto, Renato Rodrigues"]
[Black "Souza, Ramon Santana De"]
[Result "1-0"]
[WhiteElo "2513"]
[BlackElo "1982"]
[PlyCount "81"]
[EventDate "2023.03.03"]
[EventType "team-tourn"]
[EventRounds "5"]
[EventCountry "BRA"]
[SourceTitle "CBM 213 Extra"]
[Source "ChessBase"]
[SourceDate "2023.05.31"]
[SourceVersion "1"]
[SourceVersionDate "2023.05.31"]
[SourceQuality "1"]
[WhiteTeam "Osasco"]
[BlackTeam "Osasco II"]
[WhiteTeamCountry "BRA"]
[BlackTeamCountry "BRA"]

1. Nf3 g6 2. c4 Bg7 3. Nc3 d6 4. g3 e5 5. Bg2 Nc6 6. 0-0 Nge7 7. Rb1 0-0 8. b4 a6 9. a4 a5 10. bxa5 Nxa5 11. d3 h6 12. Nd2 c6 13. Ba3 f5 14. e3 Qc7 15. Qc2 Be6 16. f4 Rfd8 17. Nb3 e4 18. Nxa5 Qxa5 19. Rfc1 Qa7 20. d4 Qa6 21. Bf1 Qa7 22. Rb3 Rd7 23. Rcb1 Kh7 24. Kh1 Bf6 25. Qd2 c5 26. d5 Bf7 27. Bb2 Ng8 28. g4 Qa5 29. gxf5 gxf5 30. Bh3 Bg6 31. Rb5 Bxc3 32. Rxa5 Bxd2 33. Rxa8 Bxe3 34. Rb8 Bd2 35. Ba1 Bb4 36. Rg1 Rf7 37. Rxg8 Kxg8 38. Rxg6+ Kf8 39. Kg2 Bd2 40. Bf6 Bxf4 41. Bxf5 1-0

[Event "Florianopolis op 9th"]
[Site "Florianopolis"]
[Date "2023.01.28"]
[Round "8"]
[White "Souza, Ramon Santana De"]
[Black "Fernandes Filho, Bergson Fragoso"]
[Result "1/2-1/2"]
[WhiteElo "1933"]
[BlackElo "2113"]
[PlyCount "32"]
[EventDate "2023.01.23"]
[EventType "swiss"]
[EventRounds "10"]
[EventCountry "BRA"]
[SourceTitle "CBM 212 Extra"]
[Source "ChessBase"]
[SourceDate "2023.03.31"]
[SourceVersion "1"]
[SourceVersionDate "2023.03.31"]
[SourceQuality "1"]

1. e4 Nf6 2. e5 Nd5 3. Nc3 Nxc3 4. bxc3 d6 5. f4 g6 6. Nf3 Bg7 7. Bc4 0-0 8. 0-0 c5 9. d4 dxe5 10. fxe5 Nc6 11. Rb1 Bg4 12. Be3 Qa5 13. Qd3 Bxf3 14. Rxf3 Rad8 15. Rb5 Qa3 16. Rb3 Qa5 1/2-1/2

[Event "Florianopolis op 9th"]
[Site "Florianopolis"]
[Date "2023.01.26"]
[Round "6"]
[White "Piccoli, Lucas Fonseca"]
[Black "Souza, Ramon Santana De"]
[Result "1/2-1/2"]
[WhiteElo "2148"]
[BlackElo "1933"]
[PlyCount "85"]
[EventDate "2023.01.23"]
[EventType "swiss"]
[EventRounds "10"]
[EventCountry "BRA"]
[SourceTitle "CBM 212 Extra"]
[Source "ChessBase"]
[SourceDate "2023.03.31"]
[SourceVersion "1"]
[SourceVersionDate "2023.03.31"]
[SourceQuality "1"]

1. c4 g6 2. Nc3 Bg7 3. g3 d6 4. Bg2 e5 5. d3 Nc6 6. Rb1 f5 7. e3 Nf6 8. Nge2 0-0 9. 0-0 g5 10. f4 h6 11. b4 a5 12. b5 Ne7 13. Ba3 Ng6 14. fxe5 Nxe5 15. Qd2 Rb8 16. Nd4 Nh5 17. c5 f4 18. cxd6 fxg3 19. h3 cxd6 20. Ne4 g4 21. Bxd6 Rf2 22. Rxf2 gxf2+ 23. Qxf2 gxh3 24. Bxb8 Ng4 25. Qf3 Bxd4 26. exd4 Qxd4+ 27. Nf2 hxg2 28. Re1 Bd7 29. Re4 Qa1+ 30. Kxg2 Nxf2 31. Kxf2 Nf6 32. Rf4 Qxa2+ 33. Kg3 Nh7 34. Rd4 Qe6 35. Qxb7 Nf6 36. Qf3 Bxb5 37. Rf4 Kg7 38. Rf5 Bd7 39. Re5 Qh3+ 40. Kf4 Qh4+ 41. Ke3 Ng4+ 42. Kd2 Nxe5 43. Bxe5+ 1/2-1/2

[Event "Taubate op 3rd"]
[Site "Taubate"]
[Date "2022.12.03"]
[Round "4"]
[White "Piekarski, Atila Balzer"]
[Black "Souza, Ramon Santana De"]
[Result "0-1"]
[WhiteElo "2088"]
[BlackElo "1939"]
[PlyCount "78"]
[EventDate "2022.12.01"]
[EventType "swiss"]
[EventRounds "6"]
[EventCountry "BRA"]
[SourceTitle "CBM 211 Extra"]
[Source "ChessBase"]
[SourceDate "2023.01.31"]
[SourceVersion "1"]
[SourceVersionDate "2023.01.31"]
[SourceQuality "1"]

1. e4 g6 2. d4 Bg7 3. Nc3 d6 4. Nf3 a6 5. a4 Nc6 6. h3 Nf6 7. Bc4 0-0 8. 0-0 Nxe4 9. Nxe4 d5 10. Bxd5 Qxd5 11. Nc3 Qd6 12. Ne2 Bf5 13. c3 e5 14. dxe5 Qxd1 15. Rxd1 Nxe5 16. Nxe5 Bxe5 17. Bf4 Bxf4 18. Nxf4 Rad8 19. a5 Bc2 20. Re1 Rd7 21. b4 c5 22. Ra2 Bb3 23. Rb2 Bc4 24. Re4 Rd1+ 25. Kh2 Bb5 26. bxc5 Rc1 27. c4 Rxc4 28. Rxc4 Bxc4 29. Rb4 Bb5 30. Nd5 Rd8 31. Nf6+ Kg7 32. Ne4 Rd5 33. g4 f5 34. gxf5 gxf5 35. Ng5 h6 36. Rd4 Rxd4 37. Ne6+ Kf6 38. Nxd4 Ke5 39. Nxb5 axb5 0-1

[Event "Sao Jose dos Campos op"]
[Site "Sao Jose dos Campos"]
[Date "2022.09.11"]
[Round "6"]
[White "Souza, Ramon Santana De"]
[Black "Celestino, Filipe Maia Nunes"]
[Result "1-0"]
[WhiteElo "1876"]
[BlackElo "1376"]
[PlyCount "53"]
[EventDate "2022.09.08"]
[EventType "swiss"]
[EventRounds "7"]
[EventCountry "BRA"]
[SourceTitle "CBM 210 Extra"]
[Source "ChessBase"]
[SourceDate "2022.11.30"]
[SourceVersion "1"]
[SourceVersionDate "2022.11.30"]
[SourceQuality "1"]

1. e4 c5 2. Nc3 Nc6 3. Bb5 Nd4 4. Nf3 a6 5. Bd3 Nf6 6. 0-0 e6 7. e5 Ng4 8. Nxd4 cxd4 9. Qxg4 dxc3 10. dxc3 d6 11. f4 Bd7 12. a4 Qb6+ 13. Kh1 Bc6 14. Qg3 dxe5 15. fxe5 Be7 16. Be3 Qc7 17. b4 h5 18. Rxf7 Kxf7 19. Qg6+ Kg8 20. Rf1 Bxg2+ 21. Kxg2 Bf6 22. exf6 Rf8 23. Qxg7+ Qxg7+ 24. fxg7 Kxg7 25. Bd4+ Kh6 26. Bxh8 Rxh8 27. Rf6+ 1-0

[Event "Sao Jose dos Campos op"]
[Site "Sao Jose dos Campos"]
[Date "2022.09.10"]
[Round "4"]
[White "Souza, Ramon Santana De"]
[Black "Brendalia, Ricardo"]
[Result "1-0"]
[WhiteElo "1876"]
[BlackElo "1529"]
[PlyCount "85"]
[EventDate "2022.09.08"]
[EventType "swiss"]
[EventRounds "7"]
[EventCountry "BRA"]
[SourceTitle "CBM 210 Extra"]
[Source "ChessBase"]
[SourceDate "2022.11.30"]
[SourceVersion "1"]
[SourceVersionDate "2022.11.30"]
[SourceQuality "1"]

1. e4 c5 2. Nc3 Nc6 3. Bb5 g6 4. Bxc6 dxc6 5. d3 Bg7 6. Be3 b6 7. Qd2 e5 8. f4 Bg4 9. g3 h5 10. h3 Be6 11. Nf3 exf4 12. gxf4 Qd7 13. Ng5 Nf6 14. 0-0-0 0-0-0 15. Qf2 Nh7 16. Nxe6 Qxe6 17. f5 Qd6 18. Rhg1 Bd4 19. Ne2 Bxe3+ 20. Qxe3 g5 21. Rde1 h4 22. e5 Qd7 23. Qf2 Rhe8 24. Nc3 Qd4 25. Qh2 Qd7 26. Rgf1 Kb7 27. Ne4 Ka8 28. Nd6 Re7 29. Nc4 Qd5 30. a4 f6 31. e6 Nf8 32. Re4 Nxe6 33. fxe6 Rxe6 34. Rfe1 Rxe4 35. Rxe4 f5 36. Re5 Qf3 37. Re3 Qf1+ 38. Kd2 f4 39. Re1 Qf3 40. Qh1 Qxh1 41. Rxh1 Rd4 42. Ke2 b5 43. Nd2 1-0

[Event "Sao Jose dos Campos op"]
[Site "Sao Jose dos Campos"]
[Date "2022.09.09"]
[Round "3"]
[White "Parijos de Melo, Luiz Claudio"]
[Black "Souza, Ramon Santana De"]
[Result "1-0"]
[WhiteElo "1739"]
[BlackElo "1876"]
[PlyCount "103"]
[EventDate "2022.09.08"]
[EventType "swiss"]
[EventRounds "7"]
[EventCountry "BRA"]
[SourceTitle "CBM 210 Extra"]
[Source "ChessBase"]
[SourceDate "2022.11.30"]
[SourceVersion "1"]
[SourceVersionDate "2022.11.30"]
[SourceQuality "1"]

1. e4 g6 2. d4 Bg7 3. Nf3 d6 4. Nc3 a6 5. Be3 b5 6. Bd3 Bb7 7. Qd2 Nd7 8. 0-0 c5 9. Rfe1 cxd4 10. Nxd4 Ne5 11. f3 Nf6 12. Kh1 Rc8 13. Rad1 0-0 14. Bh6 Bxh6 15. Qxh6 b4 16. Nce2 Nxd3 17. cxd3 Qa5 18. Qd2 e5 19. Nb3 Qb6 20. Qg5 Kg7 21. Ng3 Ng8 22. d4 f6 23. Qg4 Rcd8 24. Nf5+ Kh8 25. Ne3 Bc8 26. Qg3 Be6 27. d5 Bd7 28. Nc4 Qb8 29. Nba5 Ne7 30. f4 g5 31. fxg5 f5 32. Qe3 fxe4 33. Qxe4 Bf5 34. Qe3 Bg4 35. Rd2 Qb5 36. h3 Nxd5 37. Qe4 Be6 38. Nxd6 Rxd6 39. Qxe5+ Kg8 40. Qxd6 Bf7 41. Nc6 Rc8 42. Rxd5 Qxc6 43. Qxc6 Rxc6 44. Rd8+ Kg7 45. a3 b3 46. Re2 Rc5 47. Rf2 Bc4 48. h4 Kg6 49. Kh2 Kh5 50. Kg3 Re5 51. Rf6 Re3+ 52. Kf4 1-0

[Event "Caxambu Casa do Xadrez op"]
[Site "Caxambu"]
[Date "2022.07.24"]
[Round "5"]
[White "Cincinato, Thalita Ariane"]
[Black "Souza, Ramon Santana De"]
[Result "0-1"]
[WhiteElo "2013"]
[BlackElo "1770"]
[PlyCount "106"]
[EventDate "2022.07.22"]
[EventType "swiss"]
[EventRounds "6"]
[EventCountry "BRA"]
[SourceTitle "CBM 209 Extra"]
[Source "ChessBase"]
[SourceDate "2022.09.30"]
[SourceVersion "1"]
[SourceVersionDate "2022.09.30"]
[SourceQuality "1"]

1. c4 e5 2. Nc3 Nc6 3. g3 Bc5 4. Bg2 a6 5. a3 d6 6. b4 Ba7 7. Bb2 Be6 8. b5 axb5 9. cxb5 Na5 10. e3 Ne7 11. Nge2 d5 12. 0-0 Nc4 13. Bc1 0-0 14. d3 Nd6 15. a4 Bb6 16. Ba3 c5 17. bxc6 bxc6 18. d4 e4 19. Nf4 Bc8 20. Qh5 Nc4 21. Rfc1 Nxa3 22. Rxa3 Qd6 23. Ra2 g6 24. Qd1 Bf5 25. g4 Bd7 26. f3 exf3 27. Qxf3 f5 28. g5 Be6 29. h4 Bf7 30. Bf1 Ba5 31. Nce2 Rab8 32. Nd3 f4 33. Nexf4 Nf5 34. Rh2 Rb3 35. Rcc2 Re8 36. Rce2 Bc7 37. Rh3 Re4 38. Qg4 Rxd3 39. Bg2 Rxf4 40. exf4 Rxh3 41. Bxh3 Qa3 42. h5 Qa1+ 43. Bf1 Qxd4+ 44. Kh1 Bxf4 45. Rg2 Be6 46. Qe2 Ne3 47. h6 Bc8 48. a5 Qe4 49. Qb2 Be5 50. Qb6 Nxg2 51. Qd8+ Kf7 52. Qxc8 Nh4+ 53. Kg1 Qe3+ 0-1

[Event "Florianopolis Winter op 6th"]
[Site "Florianopolis"]
[Date "2022.07.17"]
[Round "9"]
[White "Souza, Ramon Santana De"]
[Black "Bassani, Jaison Jose"]
[Result "1-0"]
[WhiteElo "1770"]
[BlackElo "1932"]
[PlyCount "73"]
[EventDate "2022.07.13"]
[EventType "swiss"]
[EventRounds "9"]
[EventCountry "BRA"]
[SourceTitle "CBM 209 Extra"]
[Source "ChessBase"]
[SourceDate "2022.09.30"]
[SourceVersion "1"]
[SourceVersionDate "2022.09.30"]
[SourceQuality "1"]

1. e4 c5 2. Nf3 Nc6 3. Bb5 d6 4. Bxc6+ bxc6 5. 0-0 g6 6. Re1 Bg7 7. e5 Nh6 8. exd6 Qxd6 9. d3 0-0 10. Nbd2 Rd8 11. Nc4 Qc7 12. Bd2 a5 13. Qc1 Nf5 14. Bf4 Qb7 15. Qd2 Be6 16. Rxe6 fxe6 17. Re1 Nd4 18. Nfe5 Rf8 19. c3 Nf5 20. Ng4 Rad8 21. Be5 Bf6 22. Bxf6 exf6 23. Rxe6 Qd7 24. Nxf6+ Rxf6 25. Rxf6 Re8 26. f4 Qd5 27. Ne5 Nd6 28. Qf2 Kg7 29. Qh4 Nf5 30. Qg5 Rxe5 31. fxe5 Qxd3 32. Rxf5 Qxf5 33. Qxf5 gxf5 34. Kf2 Kf7 35. Ke3 Ke6 36. Kf4 a4 37. c4 1-0

[Event "Santo Antonio de Jesus Bahia op"]
[Site "Santo Antonio"]
[Date "2022.07.10"]
[Round "6"]
[White "Meira, Valentina Magalhaes"]
[Black "Souza, Ramon Santana De"]
[Result "0-1"]
[WhiteElo "1883"]
[BlackElo "1770"]
[PlyCount "74"]
[EventDate "2022.07.07"]
[EventType "swiss"]
[EventRounds "6"]
[EventCountry "BRA"]
[SourceTitle "CBM 209 Extra"]
[Source "ChessBase"]
[SourceDate "2022.09.30"]
[SourceVersion "1"]
[SourceVersionDate "2022.09.30"]
[SourceQuality "1"]

1. d4 Nf6 2. Nf3 g6 3. Bf4 Bg7 4. e3 0-0 5. Be2 d6 6. 0-0 Nfd7 7. h3 Nc6 8. c3 e5 9. Bh2 h6 10. Qc2 f5 11. Nbd2 g5 12. Nc4 e4 13. Ne1 d5 14. Nd2 f4 15. Qb3 Nb6 16. Nxe4 Na5 17. Qb4 dxe4 18. Qxa5 f3 19. Bd1 Rf5 20. Qb4 a5 21. Qb3+ Kh8 22. Qc2 Qe7 23. c4 c5 24. dxc5 Rxc5 25. b3 Bxa1 26. Qd2 fxg2 27. Nxg2 Bxh3 28. Bd6 Qd7 29. Kh2 Bxg2 30. Kxg2 Rd8 31. Bxc5 Qxd2 32. Bxb6 Rf8 33. Bg4 Be5 34. Bc5 Rf6 35. Be7 Rf7 36. Bc5 Kg7 37. Be6 Rc7 0-1

[Event "BRA-ch U2300 Amateurs"]
[Site "Sao Paulo"]
[Date "2022.06.19"]
[Round "7"]
[White "Souza, Ramon Santana De"]
[Black "De Andrade, Dalson Holanda Cav"]
[Result "1-0"]
[WhiteElo "1719"]
[BlackElo "1939"]
[PlyCount "81"]
[EventDate "2022.06.16"]
[EventType "swiss"]
[EventRounds "7"]
[EventCountry "BRA"]
[SourceTitle "CBM 208 Extra"]
[Source "ChessBase"]
[SourceDate "2022.07.31"]
[SourceVersion "1"]
[SourceVersionDate "2022.07.31"]
[SourceQuality "1"]

1. e4 c5 2. b4 cxb4 3. a3 bxa3 4. d4 e6 5. Nf3 Be7 6. Bd3 Nc6 7. c3 d6 8. Nxa3 Nf6 9. 0-0 e5 10. d5 Nb8 11. Nb5 Na6 12. Be3 Bd7 13. Nxe5 0-0 14. Nxd7 Qxd7 15. Nxa7 Ng4 16. Bb6 Bd8 17. Bb5 Qe7 18. Bd4 Nf6 19. f3 Nc5 20. Bxc5 dxc5 21. Bc4 Bc7 22. Nb5 Bf4 23. Qe2 Nh5 24. g3 Qg5 25. Qg2 Be3+ 26. Kh1 Ra6 27. d6 Rd8 28. f4 Qg4 29. Be2 Qd7 30. e5 Rxa1 31. Rxa1 c4 32. Nc7 g6 33. Bxh5 gxh5 34. Qf3 Bb6 35. Nd5 Qb5 36. Ne7+ Kf8 37. Rd1 h4 38. Qg4 Ke8 39. Qg8+ Kd7 40. Qxf7 Qb3 41. e6# 1-0

[Event "BRA-ch U2300 Amateurs"]
[Site "Sao Paulo"]
[Date "2022.06.16"]
[Round "2"]
[White "Souza, Ramon Santana De"]
[Black "Souza dos Santos, Matheus Garcett"]
[Result "1/2-1/2"]
[WhiteElo "1719"]
[BlackElo "2031"]
[PlyCount "119"]
[EventDate "2022.06.16"]
[EventType "swiss"]
[EventRounds "7"]
[EventCountry "BRA"]
[SourceTitle "CBM 208 Extra"]
[Source "ChessBase"]
[SourceDate "2022.07.31"]
[SourceVersion "1"]
[SourceVersionDate "2022.07.31"]
[SourceQuality "1"]

1. e4 e5 2. Nf3 Nc6 3. Bc4 Be7 4. d4 d6 5. d5 Nb8 6. h3 f5 7. Nc3 Nf6 8. Qe2 h6 9. Nh4 f4 10. Ng6 Rg8 11. g3 fxg3 12. f4 Kf7 13. Nxe5+ dxe5 14. fxe5 Bd6 15. exf6 gxf6 16. e5 g2 17. e6+ Ke7 18. Rg1 Bg3+ 19. Kd1 Nc6 20. Bd2 Ne5 21. d6+ Kxd6 22. e7 Kxe7 23. Nd5+ Kd7 24. Rxg2 Nxc4 25. Qxc4 c6 26. Nf4 Kc7 27. Qf7+ Kb8 28. Ng6 Bd6 29. Rf2 Qe8 30. Qxe8 Rxe8 31. Rxf6 Re6 32. Rxe6 Bxe6 33. Bxh6 Bxh3 34. Kd2 Bf5 35. Nh4 Bd7 36. Rg1 Kc7 37. Be3 Rh8 38. Nf3 Rh3 39. Ke2 Rh7 40. c3 c5 41. b3 Bc6 42. Ng5 Re7 43. Rf1 Be5 44. Bxc5 Bd6+ 45. Be3 Be8 46. Kd2 Bg6 47. Rf6 Bb1 48. a4 Be5 49. Ne6+ Kc8 50. Rf8+ Kd7 51. Nc5+ Kc7 52. Rf1 Bh7 53. Re1 b6 54. Na6+ Kb7 55. Nb4 Rd7+ 56. Bd4 Bxd4 57. cxd4 Rxd4+ 58. Kc3 Rd7 59. Nd5 Rxd5 60. Re7+ 1/2-1/2

[Event "Sao Jose dos Campos op"]
[Site "Sao Jose dos Campos"]
[Date "2021.10.12"]
[Round "6"]
[White "Bokhonok, Tatiana dos Santos"]
[Black "Souza, Ramon Santana De"]
[Result "0-1"]
[WhiteElo "1230"]
[BlackElo "1704"]
[PlyCount "78"]
[EventDate "2021.10.09"]
[EventType "swiss"]
[EventRounds "7"]
[EventCountry "BRA"]
[SourceTitle "CBM 204 Extra"]
[Source "ChessBase"]
[SourceDate "2021.11.30"]
[SourceVersion "1"]
[SourceVersionDate "2021.11.30"]
[SourceQuality "1"]

1. d4 d6 2. Bf4 g6 3. e3 Bg7 4. Nf3 c5 5. c3 cxd4 6. exd4 Nf6 7. h3 0-0 8. Nbd2 Nc6 9. Be2 Nh5 10. Bh2 e5 11. Nc4 Nf4 12. Bxf4 exf4 13. d5 Ne5 14. Nfxe5 dxe5 15. f3 b5 16. Na3 Qh4+ 17. Kf1 a6 18. Qe1 Qe7 19. Nc2 Bb7 20. Rd1 Rfd8 21. c4 Rac8 22. b3 bxc4 23. bxc4 Bxd5 24. cxd5 Rxc2 25. Rd2 Rxd2 26. Qxd2 Qc5 27. Bxa6 Rxd5 28. Qe1 Qc2 29. Be2 Rd2 30. a4 Bf8 31. a5 Bc5 32. a6 Be3 33. h4 h5 34. Rh3 Qa2 35. g4 Rc2 36. gxh5 Rc1 37. Bd1 Rxd1 38. Rh2 Qxh2 39. a7 Qf2# 0-1

[Event "Sao Jose dos Campos op"]
[Site "Sao Jose dos Campos"]
[Date "2021.10.12"]
[Round "7"]
[White "Souza, Ramon Santana De"]
[Black "Nunes, Agatha Hurba"]
[Result "0-1"]
[WhiteElo "1704"]
[BlackElo "1797"]
[PlyCount "56"]
[EventDate "2021.10.09"]
[EventType "swiss"]
[EventRounds "7"]
[EventCountry "BRA"]
[SourceTitle "CBM 204 Extra"]
[Source "ChessBase"]
[SourceDate "2021.11.30"]
[SourceVersion "1"]
[SourceVersionDate "2021.11.30"]
[SourceQuality "1"]

1. d3 e6 2. g3 d5 3. Bg2 Nf6 4. f4 c5 5. Nh3 Nc6 6. 0-0 Qb6 7. c4 d4 8. Nf2 Bd7 9. Nd2 Ne7 10. Nde4 Nxe4 11. Nxe4 Nf5 12. Qe1 Be7 13. Rb1 Qc7 14. Bd2 Bc6 15. g4 Nh4 16. f5 exf5 17. gxf5 Nxg2 18. Kxg2 Bxe4+ 19. dxe4 Qe5 20. Rf4 g5 21. fxg6 hxg6 22. Qg3 Bg5 23. e3 Bxf4 24. Qxf4 Qxf4 25. exf4 Kd7 26. b4 Kc6 27. bxc5 Rh5 28. e5 Rah8 0-1

[Event "Sao Jose dos Campos op"]
[Site "Sao Jose dos Campos"]
[Date "2021.10.09"]
[Round "2"]
[White "Pironti, Francisco Ferrari"]
[Black "Souza, Ramon Santana De"]
[Result "1/2-1/2"]
[WhiteElo "1499"]
[BlackElo "1704"]
[PlyCount "119"]
[EventDate "2021.10.09"]
[EventType "swiss"]
[EventRounds "7"]
[EventCountry "BRA"]
[SourceTitle "CBM 204 Extra"]
[Source "ChessBase"]
[SourceDate "2021.11.30"]
[SourceVersion "1"]
[SourceVersionDate "2021.11.30"]
[SourceQuality "1"]

1. e4 d6 2. d4 g6 3. f4 Bg7 4. Nf3 c5 5. Nc3 cxd4 6. Nxd4 Nh6 7. Be2 Qb6 8. Ndb5 Na6 9. Nd5 Qd8 10. 0-0 0-0 11. c3 Nc5 12. Bf3 a6 13. Nd4 e6 14. Ne3 b5 15. f5 Bb7 16. Qc2 Re8 17. Nb3 exf5 18. exf5 Qb6 19. Kh1 Bxf3 20. Rxf3 Ne4 21. h3 Rac8 22. fxg6 hxg6 23. Nd5 Qb7 24. Qd3 Nf5 25. Bf4 g5 26. Bxg5 Nfg3+ 27. Kg1 Ne2+ 28. Qxe2 Nxg5 29. Re3 Rxe3 30. Nxe3 Re8 31. Qf2 b4 32. cxb4 Qb6 33. Nd5 Qxf2+ 34. Kxf2 Ne4+ 35. Kg1 Bxb2 36. Re1 f5 37. a4 Kf7 38. Nc7 Rc8 39. Nxa6 Rc3 40. Nd4 Kf6 41. Rb1 Rc1+ 42. Rxc1 Bxc1 43. Nc6 Nc3 44. a5 d5 45. Nc7 d4 46. Nxd4 Be3+ 47. Kf1 Bxd4 48. b5 Ke7 49. b6 Kd7 50. h4 Kc6 51. Ne6 Be3 52. h5 Ne4 53. Ke2 Bxb6 54. axb6 Ng3+ 55. Kf3 Nxh5 56. Nd4+ Kxb6 57. Nxf5 Nf6 58. Kf4 Kc5 59. Kg5 Ne4+ 60. Kg6 1/2-1/2

[Event "Pan American-ch Hybrid U18 31st"]
[Site "Tornelo INT"]
[Date "2021.09.04"]
[Round "8"]
[White "Mayta Aiza, Vicmar"]
[Black "Souza, Ramon Santana De"]
[Result "1/2-1/2"]
[WhiteElo "1591"]
[BlackElo "1807"]
[PlyCount "135"]
[EventDate "2021.09.04"]
[EventType "swiss"]
[EventRounds "9"]
[EventCountry "NET"]
[SourceTitle "EXT 2023"]
[Source "ChessBase"]
[SourceDate "2022.10.05"]
[SourceVersion "1"]
[SourceVersionDate "2022.10.05"]
[SourceQuality "1"]

1. e4 d6 2. Nc3 g6 3. g3 Bg7 4. Bg2 Nc6 5. d3 e5 6. Nge2 Nf6 7. 0-0 h5 8. h3 Nd4 9. Nxd4 exd4 10. Ne2 c5 11. c3 dxc3 12. Nxc3 0-0 13. Bg5 Be6 14. f4 Qb6 15. Na4 Qa6 16. Kh2 Nh7 17. Bh4 b5 18. Nc3 b4 19. Ne2 Bxb2 20. Rb1 Bg7 21. f5 Bxa2 22. f6 Bh6 23. Ra1 g5 24. Qd2 b3 25. g4 b2 26. Qxb2 gxh4 27. Rxa2 Qxd3 28. Ra3 Rab8 29. Qxb8 Qxa3 30. Qxd6 hxg4 31. hxg4 Qe3 32. Ng1 Ng5 33. Qf4 Qd3 34. Nh3 c4 35. Nxg5 Qg3+ 36. Qxg3 hxg3+ 37. Kxg3 Bxg5 38. Rf5 Bd2 39. Rc5 c3 40. Bf1 Rd8 41. Rc7 Rd6 42. e5 Rd4 43. Bc4 Bf4+ 44. Kf3 Bxe5 45. Rc8+ Kh7 46. Bxf7 Rf4+ 47. Ke3 Rxg4 48. Bb3 Bxf6 49. Rc7+ Rg7 50. Rxg7+ Kxg7 51. Kd3 Kf8 52. Kc2 Ke7 53. Bc4 Kd6 54. Ba6 Kc5 55. Bc8 a5 56. Be6 Kb4 57. Bd5 Ka3 58. Bc4 Kb4 59. Bd5 Kc5 60. Bb3 Be5 61. Be6 Kd4 62. Bb3 Kc5 63. Be6 Bg7 64. Bg8 a4 65. Bf7 Kd6 66. Bg8 Be5 67. Bf7 Kc5 68. Be6 1/2-1/2

[Event "Pan American-ch Hybrid U18 31st"]
[Site "Tornelo INT"]
[Date "2021.09.04"]
[Round "1"]
[White "Peng, Shunkai"]
[Black "Souza, Ramon Santana De"]
[Result "1-0"]
[WhiteElo "2296"]
[BlackElo "1807"]
[PlyCount "63"]
[EventDate "2021.09.04"]
[EventType "swiss"]
[EventRounds "9"]
[EventCountry "NET"]
[SourceTitle "EXT 2023"]
[Source "ChessBase"]
[SourceDate "2022.10.05"]
[SourceVersion "1"]
[SourceVersionDate "2022.10.05"]
[SourceQuality "1"]

1. e4 d6 2. d4 g6 3. Nf3 Bg7 4. Bc4 Nc6 5. c3 e5 6. Bg5 Nf6 7. dxe5 dxe5 8. Nbd2 h6 9. Be3 0-0 10. 0-0 Qe7 11. b4 Rd8 12. Qe2 b6 13. Rfd1 Ng4 14. Bd5 Bb7 15. Nc4 Nxe3 16. Nxe3 Qe8 17. Nh4 Rd6 18. Qc4 a6 19. a4 Qe7 20. g3 Rad8 21. Qa2 b5 22. axb5 axb5 23. Qe2 Nd4 24. cxd4 c6 25. dxe5 Bxe5 26. Ra7 R8d7 27. Nhf5 gxf5 28. Nxf5 Qf6 29. Nxd6 Rxd6 30. Rxb7 cxd5 31. Rxd5 Ra6 32. Qg4+ 1-0